Central Library OPAC University of Rajshahi

The Malagasy Republic: Madagascar today / (Record no. 28113)

MARC details
000 -LEADER
fixed length control field 00844cam a22002651 4500
001 - CONTROL NUMBER
control field 28113
003 - CONTROL NUMBER IDENTIFIER
rucl marc code BD-RjUL
005 - DATE AND TIME OF LATEST TRANSACTION
control field 20211209051235.0
008 - FIXED-LENGTH DATA ELEMENTS--GENERAL INFORMATION
fixed length control field 140329s1965 cauabc b 001 0 eng d
035 ## - SYSTEM CONTROL NUMBER
System control number (BD-RjUL) 28194
System control number (OCoLC)414821
040 ## - CATALOGING SOURCE
Original cataloging agency DLC
Transcribing agency ODaWU
Modifying agency OCoLC
-- DLC
-- BD-RjUL
Language of cataloging eng
041 ## - LANGUAGE CODE
Language code of text/sound track or separate title eng
082 00 - DEWEY DECIMAL CLASSIFICATION NUMBER
Classification number 309.1691
Author mark and year THM 1965
100 1# - MAIN ENTRY--PERSONAL NAME
Personal name Thompson, Virginia,
Dates associated with a name 1903-1990.
9 (RLIN) 86184
245 14 - TITLE STATEMENT
Title The Malagasy Republic: Madagascar today /
Statement of responsibility, etc. by Virginia Thompson and Richard Adloff.
260 ## - PUBLICATION, DISTRIBUTION, ETC. (IMPRINT)
Place of publication, distribution, etc. Stanford, Calif. :
Name of publisher, distributor, etc. Stanford University Press,
Date of publication, distribution, etc. 1965.
300 ## - PHYSICAL DESCRIPTION
Pagination xvi, 504 p. :
Illustrations ill. ;
Size 24 cm.
504 ## - BIBLIOGRAPHY, ETC. NOTE
Bibliography, etc Bibliography: p. [485]-494. and Index
651 #0 - SUBJECT ADDED ENTRY--GEOGRAPHIC NAME
Geographic name Madagascar.
9 (RLIN) 86185
700 1# - ADDED ENTRY--PERSONAL NAME
Personal name Adloff, Richard,
Relator term joint author.
942 ## - ADDED ENTRY ELEMENTS (KOHA)
Source of classification or shelving scheme Dewey Decimal Classification
Koha item type Books
Holdings
Lost status Source of classification or shelving scheme Damaged status Not for loan Collection code Permanent Location Current Location Shelving location Date acquired Source of acquisition Cost, normal purchase price Total Checkouts Full call number Date last seen Copy number Koha item type
  Dewey Decimal Classification   Added to bundle Non-fiction Central Library, University of Rajshahi Central Library, University of Rajshahi Reading Room 30/06/1970 Zeitlinger 12.50   309.1691 THM 1965 29/03/2014 C-1 Books